01120 2200289 4500001002100000005001500021035002000036007000300056008004100059040002200100082001500122084001700137090001900154100006600173245007000239250002600309300003400335850001200369505015000381651004500531264009300576336002100669337003000690338002300720246006700743990002000810INLIS00000000085308420210830030020 a0010-1119000492ta191118s1950 xx a g l f 0 ind d aYOPDYOGbinderda04223a342.02 a342.02 IND d aL 342.02 IND d aINDONESIA. Kementrian Penerangand1950eBadan Penanggungjawab1 aDokumentasi Republik Indonesia :b17 Agustus 1945-1 Djanuari 1946 aCetakan pertama, 1950 a104 halaman :btabel ;c22 cm aYOPDYOG aBuku berisi catatan sejarah, kumpulan undang-undang dan peraturan, dan peristiwa-peristwa penting dalam sejarah 17 Agustus 1945 - 1 Djanuari 1946 4aIndonesia--vUndang-undang dan Peraturan31a[tempat terbit tidak teridentifikasi] :bKementrian Penerangan Republik Indonesia,c1950 2rdacontentateks 2rdamediaatanpa perantara 2rdacarrieravolume aDokumentasi Republik Indonesiab17 Agustus 1945-1 Januari 1946 a64438-PD/A.2019